000 03550njm a2200553Ia 4500
001 24146
003 IT-RoPAU
005 20220918181118.0
008 131025s9999 xx 000 0 und d
040 _aIT-RoPAU
040 _cIT-RoPAU
999 _c99542
_d99542
999 _bn.d.
100 _aAA.VV.
_9794
100 _eAutore musica
_99153
100 _gCodice autore musica SPICS: 12000
_9796
245 _aOktoberfest-Will Glahè and His Orchestra-Music and Sound Effects of This Famous Festival
250 _a1a ed.
260 _aLONDON
260 _bDECCA RECORD COMPANY
_c1970 [1a Ed.:1970 - Ed. Lingua Orig.: 1970]
300 _aDISCO
500 _aMusica strumentale. Effetti sonori
505 _aBayerische Polka - Trink', Trink', Bruderlein Trink' - Bayerische Schuhplattler - In Munchen Steht Ein Hofbrauhaus - Der Treue Husar - Beer Barrel Polka (Rosamunde) - Das Humbta-Tatera - Alte Kameraden - Du Kannst Nicht Treu Sein - Liechtensteiner Polka - Ja, So Warn's Die Alten Rittersleut - Auf Wiederseh'n Sweetheart
511 _aWill Glahè and his Orchestra
650 _aSTRUMENTALE [DISCHI]
_eCodice MATERIA SPICS: 9950
_9828
700 _aGlahé Will
_gCodice interprete SPICS: 8033
_eInterprete
_99154
700 _aLohmann
_gCodice autore musica SPICS: 14444
_eAutore musica
_pBayerische Polka
_99155
700 _aLindemann Wilhelm
_gCodice autore musica SPICS: 14053
_eAutore musica
_pTrink', Trink', Bruderlein Trink'
_99156
700 _aAnonimo
_gCodice autore musica SPICS: 2620
_eAutore musica
_pBayerische Schuhplattler
_99157
700 _aGabriel
_gCodice autore musica SPICS: 27136
_eAutore musica
_pIn Munchen Steht Ein Hofbrauhaus
_99158
700 _aReiter
_gCodice autore SPICS: 18011
_eAutore
_pIn Munchen Steht Ein Hofbrauhaus
_99159
700 _aRichter Frantisek Xaver
_gCodice autore testo/musica SPICS: 14275
_eAutore testo/musica
_pIn Munchen Steht Ein Hofbrauhaus - Beer Barrel Polka (Rosamunde)
_99160
700 _aFrantzen E.
_gCodice autore musica SPICS: 27162
_eAutore musica
_pDer Treue Husar
_99161
700 _aVejvoda Jaromir
_gCodice autore musica SPICS: 13982
_eAutore musica
_pBeer Barrel Polka (Rosamunde)
_99162
700 _aBrown
_gCodice autore SPICS: 20445
_eAutore
_pBeer Barrel Polka (Rosamunde)
_99163
700 _aHammerle
_gCodice autore musica SPICS: 27164
_eAutore musica
_pDas Humbta-Tatera
_99164
700 _aGlahé Will
_gCodice autore SPICS: 8033
_eAutore
_pDas Humbta-Tatera - Ja, So Warn's Die Alten Rittersleut
_99165
700 _aTeike C.
_gCodice autore musica SPICS: 13891
_eAutore musica
_pAlte Kameraden
_99166
700 _aOtten
_gCodice autore musica SPICS: 27165
_eAutore musica
_pDu Kannst Nicht Treu Sein
_99167
700 _aEbeler
_gCodice autore SPICS: 27166
_eAutore
_pDu Kannst Nicht Treu Sein
_99168
700 _aKotscher
_gCodice autore musica SPICS: 13978
_eAutore musica
_pLiechtensteiner Polka
_99169
700 _aLindt
_gCodice autore SPICS: 13979
_eAutore
_pLiechtensteiner Polka
_99170
700 _aValentin
_gCodice autore musica SPICS: 27168
_eAutore musica
_pJa, So Warn's Die Alten Rittersleut
_99171
700 _aLoffler
_gCodice autore SPICS: 27170
_eAutore
_pJa, So Warn's Die Alten Rittersleut
_99172
700 _aStorch
_gCodice autore musica SPICS: 13986
_eAutore musica
_pAuf Wiederseh'n Sweetheart
_99173
700 _aSexton
_gCodice autore SPICS: 27135
_eAutore
_pAuf Wiederseh'n Sweetheart
_99174
700 _aTurner Joe
_gCodice autore testo/musica SPICS: 15797
_eAutore testo/musica
_pAuf Wiederseh'n Sweetheart
_99175
700 _eAutore musica
_99176
942 _cMD
_2ddc